| 000 | 00389nam a2200133Ia 4500 | ||
|---|---|---|---|
| 008 | 210430s9999 xx 000 0 und d | ||
| 020 | _a9781429210041 | ||
| 082 | _a543.076 H254S | ||
| 100 |
_aHarris, Daniel C., _954862 |
||
| 245 |
_aExploring chemical analysis / _cHarris, Daniel C., |
||
| 260 |
_aNew York : _bW.H. Freeman and Co., _c1997 |
||
| 300 | _axix, 476 p. : | ||
| 942 |
_cREF _2ddc |
||
| 999 |
_c565749 _d565749 |
||